000 00784nam a2200253Ia 4500
003 OSt
005 20220923215124.0
006 a|||||r|||| 00| 0
007 ta
008 220922b |||||||| |||| 00| 0 hin d
024 _a175,772
037 _cTextual
040 _aARTS
_cARTS
_bhin
041 _2hin
_ahin
082 _aO152,1xN5, L4
100 _aजायसवाल, शिव
245 0 _aएक आयास
_b अनायास
246 _aEk āyāsa: anāyāsa
260 _aहरिद्वार
_b आयास प्रकाशन
_c1974
300 _a63 पृ.
_ccm.
650 _aहिन्दी साहित्य
_9156264
942 _hO152,1xN5, L4
_cTEXL
_2CC
999 _c329474
_d329474